Estatísticas para Presidentes do Brasil

Clique aqui para jogar o quiz

Estatísticas Gerais

  • Esse quiz foi jogado 177 vezes
  • A pontuação média é 25 de 38

Estatísticas das Respostas

Resposta% Correto
Marechal Manuel Deodoro da Fonseca
93%
Luiz Inácio Lula da Silva
88%
Getúlio Dornelles Vargas
86%
Getúlio Dornelles Vargas
86%
Jair Messias Bolsonaro
85%
Michel Miguel Elias Temer Lulia
85%
Fernando Affonso Collor de Mello
84%
Fernando Henrique Cardoso
83%
Marechal Floriano Vieira Peixoto
83%
Dilma Vana Rousseff
80%
José Sarney de Araújo Costa
80%
Jânio da Silva Quadros
79%
Itamar Augusto Cautiero Franco
78%
Emílio Garrastazu Médici
77%
João Baptista de Oliveira Figueiredo
77%
João Belchior Marques Goulart
77%
Artur da Costa e Silva
76%
Eurico Gaspar Dutra
75%
Juscelino Kubitschek de Oliveira
74%
Ernesto Beckmann Geisel
71%
João Fernandes Campos Café Filho
68%
Humberto de Alencar Castello Branco
62%
Washington Luís Pereira de Sousa
62%
Nilo Procópio Peçanha
60%
Manuel Ferraz de Campos Sales
58%
Artur da Silva Bernardes
57%
Afonso Augusto Moreira Pena
56%
Hermes Rodrigues da Fonseca
56%
Prudente José de Moraes Barros
56%
Epitácio Lindolfo da Silva Pessoa
52%
Venceslau Brás Pereira Gomes
49%
Francisco de Paula Rodrigues Alves
47%
Paschoal Ranieri Mazzilli
47%
Paschoal Ranieri Mazzilli
47%
Delfim Moreira da Costa Ribeiro
44%
Nereu de Oliveira Ramos
41%
Carlos Coimbra da Luz
39%
José Linhares
32%

Distribuição das Pontuações

Percentil de Números Respondidos

Porcentagem de Pessoas com Cada Pontuação

Sua Pontuação Histórica

Você não jogou esse quiz